000 nam a22 7a 4500
999 _c8298
_d8298
008 171218b xxu||||| |||| 00| 0 eng d
100 _aDell Publishing
_94719
245 _aConnecticut delaware florida georgia
250 _avolumw 3
260 _aAmerica
_bDell publishing
_c1965